000 00331nam a2200133Ia 4500
005 20260328104319.0
008 260328s9999||||xx |||||||||||||| ||und||
100 _aNewhall, Arthur
245 0 _aCalligraphy & Lettering Design /
_cArthur Newhall
260 _bWalter Foster
300 _a64 p.
650 _aACUARELA
942 _cBK
999 _c11263
_d11263